000
00321pab a2200133 454500
008
180718b xxu||||| |||| 00| 0 eng d
100
_a
Arunan, M.C.
245
_a
Examinations - a call for reassessment
650
_a
Examination
650
_a
Education
700
_a
Mendes, Jennie
773
_a
University News
909
_a
926
999
_c
926
_d
926